Nuevos lectores 1 /
Guardado en:
| Autor Principal: | |
|---|---|
| Otros Autores: | |
| Formato: | Libro |
| Publicado: |
Buenos Aires :
El Ateneo,
1997
|
| Materias: | |
| Etiquetas: |
Agregar Etiqueta
Sin Etiquetas, Sea el primero en etiquetar este registro!
|
| LEADER | 00730nam a22002295a 4500 | ||
|---|---|---|---|
| 001 | CEM.cems012451 | ||
| 005 | 20070418162259.0 | ||
| 008 | 130507s1997##################000#0#####d | ||
| 003 | CEMS | ||
| 020 | |a 9500274094 | ||
| 082 | 0 | 4 | |a 372.41 |
| 100 | 1 | |a Lotito, Liliana | |
| 245 | 1 | 0 | |a Nuevos lectores 1 / |c Liliana Lotito y María Rosario Zerbi de Troisi |
| 260 | |a Buenos Aires : |b El Ateneo, |c 1997 | ||
| 300 | |a 198 p. | ||
| 500 | |a Proyecto de lectura y escritura Egb | ||
| 653 | |a Biblioteca maría de los Ángeles saggio | ||
| 653 | |a Educación primaria | ||
| 653 | |a Lengua-1° egb | ||
| 653 | |a Lengua-libro de lectura | ||
| 700 | 1 | |a Zerbi de Trosi, María Rosario | |
| 859 | |a CEMS |b BIB. CEMS - 11 de abril |h 372.41 |i L895 |p 23725.07 |t Ej.1 | ||
